LEADER 01119nam0-22003491i-450- 001 990007975560403321 005 20080521112618.0 010 $a88-464-2308-9 035 $a000797556 035 $aFED01000797556 035 $a(Aleph)000797556FED01 035 $a000797556 100 $a20041216d2000----km-y0itay50------ba 101 1 $aita$ceng 102 $aIT 105 $aa-------001yy 200 1 $aParlare in pubblico sicuri, preparati e organizzati$etecniche sperimentate per presentazioni pił motivanti, entusiasmanti e persuasive$fSteve Mandel 210 $aMilano$cAngeli$dc2000 215 $a90 p.$cill.$d23 cm 225 1 $a50 minuti$v104 225 1 $aFormazione permanente 454 0$12001$aEffective presentation skills. A pratical guide for better speaking$953524 610 0 $aOratoria 676 $a808.51 700 1$aMandel,$bSteve$0496593 801 0$aIT$bUNINA$gRICA$2UNIMARC 901 $aBK 912 $a990007975560403321 952 $aP.1 TC 29$fFLFBC 959 $aFLFBC 996 $aEffective presentation skills. A pratical guide for better speaking$953524 997 $aUNINA